Meilleurs buteurs de l’OL en UCL - Statistiques

Statistiques générales
  • Ce quiz a été pris 77 fois
  • Le résultat moyen est 9 sur 15
Statistiques - réponses
Top Matchs Buts Nationalité Poste Réponse % Correct
13 18 5 France Attaquant Alexandre Lacazette
91%
2 19 12 France Attaquant Karim Benzema
90%
7 16 7 Pays-Bas Attaquant Memphis Depay
85%
15 21 5 Bosnie Herzégovine Milieu Miralem Pjaniç
79%
9 19 6 Argentine Attaquant Lisandro López
78%
14 18 5 Ghana Milieu Michael Essien
72%
4 19 9 Brésil Attaquant Sonny Anderson
66%
3 71 10 France Milieu Sidney Govou
59%
11 23 6 Côte d’Ivoire Attaquant/Défenseur Maxwel Cornet
54%
10 21 6 Brésil Attaquant Fred
49%
12 12 5 Norvège Attaquant John Carew
40%
6 23 9 France Attaquant Bafétimbi Gomis
38%
1 59 18 Brésil Milieu Juninho Pernambucano
38%
5 24 8 France Attaquant Sylvain Wiltord
24%
8 17 6 France Milieu Éric Carrière
7%
Aucun quiz correspondant
Distribution des résultats
% des personnes avec chaque résultat
Percentile par nombre de réponses
Votre historique - résultats
Vous n’avez pas pris ce quiz